Biggest US Cities without an A - Easy - Statistics

General Stats
  • This quiz has been taken 367 times
    364 since last reset
  • The average score is 14 of 23
Answer Stats
# Pop US City % Correct
1 8,550,000 New York City
99%
2 2,296,000 Houston
94%
8 667,000 Boston
90%
3 1,563,000 Phoenix
88%
6 683,000 Denver
86%
7 677,000 Detroit
84%
19 304,000 Pittsburgh
79%
9 656,000 Memphis
77%
4 850,000 Columbus
74%
10 615,000 Louisville
65%
11 532,000 Tucson
64%
5 833,000 Fort Worth
62%
12 520,000 Fresno
58%
13 353,000 Honolulu
53%
17 314,000 Lexington
41%
23 277,000 Lincoln
40%
22 280,000 Toledo
40%
21 285,000 Greensboro
36%
24 264,000 Jersey City
34%
14 324,000 Corpus Christi
33%
15 322,000 Riverside
32%
18 306,000 Stockton
31%
20 286,000 Henderson
23%
No matching quizzes found
Score Distribution
Percent of People with Each Score
Percentile by Number Answered
Your Score History
You have not taken this quiz since the last reset